Hangar 18 - Megadeth - Statistics

General Stats
  • This quiz has been taken 44 times
  • The average score is 13 of 16
Answer Stats
Given Lyrics Fill in the blank % Correct
Hangar 18, I ____ ___ ___ know too much
90%
Possibly I've ____ ___ ___ seen too much
90%
Hangar 18, I ____ ___ ____ know too much!
87%
Impossible to break ____ ____ these walls
87%
Possibly I've seen ___ ____ too much
87%
Welcome to our _____ ___ fortress tall
85%
For you see the, the steel is ___ __ ____ much too strong
82%
Suspended state of ______ cryogenics
79%
The military ______ intelligence
79%
Two words combined that ____ ____ ____ can't make sense
77%
Foreign life forms, ______ inventory
77%
Computer banks to ____ ___ ____ rule the world
74%
Selective amnesia's the ____ story
74%
I'll take some time to _____ ___ ____ show you round
72%
Instruments to sight the ____ stars
69%
Believed, foretold, but who would ______? suspect
64%
No matching quizzes found
Score Distribution
Percent of People with Each Score
Percentile by Number Answered
Your Score History
You have not taken this quiz